| 000 | 00000nam##2200000za#4500 |
| 001 | 9.625799 |
| 003 | CaOODSP |
| 005 | 20200421163419 |
| 007 | ta |
| 008 | 150406|2001||||xxc||||| f|0| 0 fre|d |
| 020 | |a0-662-86369-0 |
| 040 | |aCaOODSP|bfre |
| 043 | |an-cn--- |
| 086 | 1 |aNH18-23/81F |
| 110 | 2 |aSociété canadienne d'hypothèques et de logement. |
| 245 | 10|aCharrette de conception pour Southeast False Creek : |bexplorer l'aménagement urbain durable et à haute densité |
| 260 | |aOttawa - Ontario : |bSociété canadienne d'hypothèques et de logement |c2001. |
| 300 | |a8p. : |bfigures ; |c28 cm. |
| 490 | 1 |aLe point en recherche. Série socio-économique|v81 |
| 563 | |aDépliant |
| 590 | |a01-42|b2001-10-19 |
| 691 | 07|aCommunauté urbaine|2gcpds |
| 691 | 07|aGestion de l'environnement|2gcpds |
| 775 | 08|tSoutheast False Creek design charrette : |w(CaOODSP)9.615780 |
| 776 | 0#|tCharrette de conception pour Southeast False Creek : |w(CaOODSP)9.602186 |
| 830 | #0|aLe point en recherche. Série socio-économique ;|v81|w(CaOODSP)9.513180 |
| 986 | |aLNH 61170 |